Kalam-E-Haqq (Record no. 926)

MARC details
000 -LEADER
fixed length control field 00362nam a2200157 a 4500
082 00 - DEWEY DECIMAL CLASSIFICATION NUMBER
Classification number 239
Author Cutter ABD
100 ## - MAIN ENTRY--AUTHOR NAME
Author name Abdul, Haqq
245 ## - TITLE STATEMENT
Title Kalam-E-Haqq
260 ## - PUBLICATION, DISTRIBUTION, ETC. (IMPRINT)
Place of publication Lahore
Name of publisher Mahan Singh Bagh
Year of publication 1930
300 ## - PHYSICAL DESCRIPTION
Number of Pages 46p
500 ## - GENERAL NOTE
General note includes index and biblioraphy
505 2# - FORMATTED CONTENTS NOTE
Formatted contents note Plus Some Other Tracts
650 ## - SUBJECT ADDED ENTRY--TOPICAL TERM
Topical Term Apologetics
942 ## - ADDED ENTRY ELEMENTS (KOHA)
Koha item type General Stack Book
700 1# -
-- Abdul, Haqq
Holdings
Home library Current library Shelving location Date acquired Cost, normal purchase price Full call number Accession Number Koha item type
Henry Martyn Institute Library Henry Martyn Institute Library General stacks 05/24/2005 0.00 239 ABD 11806 Archive Book
Henry Martyn Institute Library Henry Martyn Institute Library   05/25/2018   239 ABD 4170 General Stack Book
                   Copyright © 2026 | Henry Martyn Institute | Hyderabad | TS-500052 | INDIA | Implemented by hmi.edu.in
Hit-Count:

Powered by Koha